Per orgoglio o per amore (Un romanzo di Fitzwilliam Darcy, gentiluomo)

保存先:
書誌詳細
第一著者: Aidan, Pamela
フォーマット: 図書
言語:Undetermined
出版事項: Milan, Italia TEA 2009
主題:
タグ: タグ追加
タグなし, このレコードへの初めてのタグを付けませんか!

MARC

LEADER 00000nam a2200000Ia 4500
008 170316s9999 xx 000 0 und d
999 |c 8091  |d 8091 
040 |a cru BVZT 
090 |a 850 A-2.1p 
100 |a Aidan, Pamela 
245 |a Per orgoglio o per amore (Un romanzo di Fitzwilliam Darcy, gentiluomo)  |c / Aidan, Pamela 
260 |a Milan, Italia  |b TEA  |c 2009 
300 |a 279 páginas 
650 |a GRAMÁTICA ITALIANA  |9 36 
650 |a EN IDIOMA ITALIANO 
650 |a NOVELA  |9 13 
942 |c 15 D  |h 850 A-2.1p  |2 z